000 00296nam a22001337a 4500
008 180306b xxu||||| |||| 00| 0 eng d
020 _a1556700431
041 _aeng
080 _a91
100 _a41
101 _aark
245 _acolonial design the new world
_cdavid.l
942 _2udc
_cBK
999 _c44196
_d44196